000
00211 a2200097 4500
020
_a
9780007263486
100
_a
Norton Juster
245
_a
The phantom tollbooth
260
_b
Harper Collins
_c
2008
942
_c
OO
999
_c
115211
_d
115210